Sťažnosti

Postup pri podávaní sťažností podľa zákona č. 9/2010 o sťažnostiach.

Enregistré dans:
Détails bibliographiques
Auteur principal: Mrukviová Tomiová, Sandra
Format: Chapitre de livre
Langue:slovaque
Sujets:
Tags: Ajouter un tag
Pas de tags, Soyez le premier à ajouter un tag!

MARC

LEADER 00000naa a2200000 4500
001 0199026
005 20231120130452.2
041 0 |a slo 
044 |a SK 
245 1 0 |a Sťažnosti  |c Sandra Mrukviová Tomiová 
520 |a Postup pri podávaní sťažností podľa zákona č. 9/2010 o sťažnostiach. 
610 2 0 |a sťažnosti 
610 2 0 |a zákony 
610 2 0 |a správa verejná 
610 2 0 |a Slovensko 
100 1 |a Mrukviová Tomiová, Sandra